[Event "HUN-chT2 Erkel 0809"]
[Site "Hungary"]
[Date "2009.04.19"]
[Round "11.5"]
[White "Fekete, Jozsef"]
[Black "Ignacz, Rozsa"]
[Result "1-0"]
[WhiteElo "2125"]
[BlackElo "2061"]
[PlyCount "49"]
[EventDate "2008.10.26"]
[EventType "team-tourn"]
[EventRounds "11"]
[EventCountry "HUN"]
[SourceTitle "EXT 2010"]
[Source "ChessBase"]
[SourceDate "2010.11.25"]
[SourceVersion "1"]
[SourceVersionDate "2010.11.25"]
[SourceQuality "1"]
[WhiteTeam "Paszto"]
[BlackTeam "HASE II"]
[WhiteTeamCountry "HUN"]
[BlackTeamCountry "HUN"]

1. d4 Nf6 2. Bg5 d5 3. Nd2 Nbd7 4. Ngf3 h6 5. Bh4 e6 6. e3 Be7 7. Bd3 c5 8. c3 0-0 9. Qe2 c4 10. Bc2 b5 11. Ne5 Qc7 12. f4 b4 13. 0-0 Ba6 14. Rf3 Rae8 15. Raf1 bxc3 16. bxc3 Ne4 17. Nxe4 Bxh4 18. Rh3 Be7 19. Ng3 Nxe5 20. fxe5 f6 21. exf6 Rxf6 22. Rxf6 Bxf6 23. Qh5 Qd7 24. Qg6 Bg5 25. Nh5 1-0

[Event "HUN-chT2 Erkel 0809"]
[Site "Hungary"]
[Date "2009.04.05"]
[Round "10.5"]
[White "Takacs, Lajos"]
[Black "Fekete, Jozsef"]
[Result "1/2-1/2"]
[WhiteElo "2216"]
[BlackElo "2125"]
[PlyCount "34"]
[EventDate "2008.10.26"]
[EventType "team-tourn"]
[EventRounds "11"]
[EventCountry "HUN"]
[SourceTitle "EXT 2010"]
[Source "ChessBase"]
[SourceDate "2010.11.25"]
[SourceVersion "1"]
[SourceVersionDate "2010.11.25"]
[SourceQuality "1"]
[WhiteTeam "Ujszasz"]
[BlackTeam "Paszto"]
[WhiteTeamCountry "HUN"]
[BlackTeamCountry "HUN"]

1. e4 d6 2. d4 g6 3. h4 Nf6 4. Nc3 c6 5. Be2 Qa5 6. Bf3 h5 7. Be3 Bg7 8. Qd2 Bg4 9. a3 Nbd7 10. b4 Qc7 11. Rd1 Nb6 12. Be2 Rd8 13. f3 Be6 14. Nh3 Nc4 15. Bxc4 Bxc4 16. Ng5 a5 17. Kf2 0-0 1/2-1/2

[Event "HUN-chT2 Erkel 0809"]
[Site "Hungary"]
[Date "2008.10.26"]
[Round "1.5"]
[White "Sallai, Kalman"]
[Black "Fekete, Jozsef"]
[Result "0-1"]
[WhiteElo "2162"]
[BlackElo "2125"]
[PlyCount "82"]
[EventDate "2008.10.26"]
[EventType "team-tourn"]
[EventRounds "11"]
[EventCountry "HUN"]
[SourceTitle "EXT 2010"]
[Source "ChessBase"]
[SourceDate "2010.11.25"]
[SourceVersion "1"]
[SourceVersionDate "2010.11.25"]
[SourceQuality "1"]
[WhiteTeam "TTC"]
[BlackTeam "Paszto"]
[WhiteTeamCountry "HUN"]
[BlackTeamCountry "HUN"]

1. e4 d6 2. d4 g6 3. Nf3 Bg7 4. Bc4 Nf6 5. Nc3 0-0 6. h3 Nxe4 7. Nxe4 d5 8. Bd3 dxe4 9. Bxe4 Nd7 10. 0-0 Nf6 11. Bd3 b6 12. c3 Qd6 13. Ne5 Bb7 14. Be2 Nd7 15. f4 c5 16. Nxd7 Qxd7 17. dxc5 Qc6 18. Bf3 Qxc5+ 19. Kh1 Rad8 20. Qe2 Bxf3 21. Rxf3 e6 22. Be3 Qd5 23. Rff1 Qe4 24. Qf2 Rd3 25. Rae1 Qd5 26. a3 Rd8 27. Qf3 Qb3 28. Qf2 Bf6 29. Kh2 R8d5 30. Qe2 a5 31. Rb1 b5 32. Kh1 Qc4 33. Rfe1 a4 34. Qf3 Qb3 35. Qf2 Qc4 36. Kg1 Rf5 37. Rf1 Be7 38. Rfe1 Bd6 39. Kh1 h5 40. g4 Rfd5 41. Bd4 Rxh3+ 0-1

[Event "HUN-chT2 Erkel 0708"]
[Site "Hungary"]
[Date "2008.03.30"]
[Round "9"]
[White "Fekete, Jozsef"]
[Black "Cseke, Richard"]
[Result "1/2-1/2"]
[WhiteElo "2135"]
[BlackElo "2274"]
[PlyCount "61"]
[EventDate "2007.10.14"]
[EventType "team"]
[EventRounds "11"]
[EventCountry "HUN"]
[SourceTitle "EXT 2009"]
[Source "ChessBase"]
[SourceDate "2008.11.26"]
[SourceVersion "1"]
[SourceVersionDate "2008.11.26"]
[SourceQuality "1"]
[WhiteTeam "Godi"]
[BlackTeam "Vaci"]
[WhiteTeamCountry "HUN"]
[BlackTeamCountry "HUN"]

1. d4 Nf6 2. Nf3 e6 3. Bg5 c5 4. e3 d5 5. c3 Nc6 6. Nbd2 h6 7. Bh4 Be7 8. Bd3 0-0 9. 0-0 b6 10. Qe2 a5 11. Rfd1 Qc7 12. Rac1 e5 13. e4 dxe4 14. Nxe4 Nd5 15. Bxe7 Qxe7 16. Bb5 Nf4 17. Qe3 Na7 18. Bc4 Bg4 19. Nxe5 Bxd1 20. Qxf4 Bh5 21. g4 b5 22. Bd5 Rad8 23. c4 bxc4 24. Bxc4 Rxd4 25. gxh5 Rxe4 26. Qxe4 Qg5+ 27. Kf1 Qxc1+ 28. Kg2 Qg5+ 29. Kf1 Qc1+ 30. Kg2 Qg5+ 31. Kf1 1/2-1/2

[Event "HUN-chT2 Erkel 0708"]
[Site "Hungary"]
[Date "2008.02.17"]
[Round "6"]
[White "Orgovan, Sandor"]
[Black "Fekete, Jozsef"]
[Result "1/2-1/2"]
[WhiteElo "2265"]
[BlackElo "2135"]
[PlyCount "41"]
[EventDate "2007.10.14"]
[EventType "team"]
[EventRounds "11"]
[EventCountry "HUN"]
[SourceTitle "EXT 2009"]
[Source "ChessBase"]
[SourceDate "2008.11.26"]
[SourceVersion "1"]
[SourceVersionDate "2008.11.26"]
[SourceQuality "1"]
[WhiteTeam "Statisztika II"]
[BlackTeam "Godi"]
[WhiteTeamCountry "HUN"]
[BlackTeamCountry "HUN"]

1. d4 d6 2. e4 g6 3. f4 Bg7 4. Nf3 Bg4 5. c3 Nf6 6. h3 Bxf3 7. Qxf3 c6 8. Be3 0-0 9. Nd2 Nbd7 10. Be2 Qb6 11. b3 Qa5 12. b4 Qc7 13. 0-0 a5 14. a3 e6 15. Bf2 Ne8 16. Kh1 Qd8 17. Nb3 a4 18. Nd2 Nc7 19. Rab1 b5 20. Bd3 Rc8 21. Rbc1 1/2-1/2

[Event "HUN-chT2 Erkel 0708"]
[Site "Hungary"]
[Date "2007.12.16"]
[Round "5"]
[White "Fekete, Jozsef"]
[Black "Fordan, Tibor"]
[Result "0-1"]
[WhiteElo "2135"]
[BlackElo "2205"]
[PlyCount "42"]
[EventDate "2007.10.14"]
[EventType "team"]
[EventRounds "11"]
[EventCountry "HUN"]
[SourceTitle "EXT 2009"]
[Source "ChessBase"]
[SourceDate "2008.11.26"]
[SourceVersion "1"]
[SourceVersionDate "2008.11.26"]
[SourceQuality "1"]
[WhiteTeam "Godi"]
[BlackTeam "BEAC II"]
[WhiteTeamCountry "HUN"]
[BlackTeamCountry "HUN"]

1. d4 d5 2. Bf4 e6 3. e3 Nf6 4. Bd3 Be7 5. Nd2 c5 6. c3 Nc6 7. Ngf3 Nh5 8. Bg3 f5 9. Be5 0-0 10. h3 Nf6 11. Bxf6 Rxf6 12. Ne5 Nxe5 13. dxe5 Rf7 14. c4 Qc7 15. f4 b5 16. cxd5 Bh4+ 17. Kf1 exd5 18. g4 d4 19. gxf5 dxe3 20. Be4 Bb7 21. Qf3 exd2 0-1

[Event "HUN-chT2 Erkel 0708"]
[Site "Hungary"]
[Date "2007.12.09"]
[Round "4"]
[White "Fekete, Jozsef"]
[Black "Radnoti, Bela"]
[Result "1-0"]
[WhiteElo "2135"]
[BlackElo "2225"]
[PlyCount "96"]
[EventDate "2007.10.14"]
[EventType "team"]
[EventRounds "11"]
[EventCountry "HUN"]
[SourceTitle "EXT 2009"]
[Source "ChessBase"]
[SourceDate "2008.11.26"]
[SourceVersion "1"]
[SourceVersionDate "2008.11.26"]
[SourceQuality "1"]
[WhiteTeam "Godi"]
[BlackTeam "Dunaharaszti II"]
[WhiteTeamCountry "HUN"]
[BlackTeamCountry "HUN"]

1. d4 d5 2. Bf4 Nf6 3. e3 e6 4. Nf3 c5 5. c3 Nc6 6. Bd3 Qb6 7. Qc2 Bd7 8. Nbd2 Rc8 9. Qb1 cxd4 10. exd4 Na5 11. 0-0 Bb5 12. Rc1 Be7 13. a4 Bxd3 14. Qxd3 a6 15. b3 0-0 16. Ne5 Nc6 17. h3 Nxe5 18. Bxe5 Nd7 19. Bf4 Bd6 20. a5 Qc7 21. Bxd6 Qxd6 22. c4 dxc4 23. bxc4 Ne5 24. Qe4 Nc6 25. Nf3 Rfd8 26. Rd1 h6 27. d5 exd5 28. Rxd5 Qc7 29. Qe1 Re8 30. Qd2 Re7 31. Nh4 Ne5 32. Nf5 Re6 33. Rc1 Rf6 34. Nd6 Rf8 35. Qd4 Nc6 36. Qb6 Qe7 37. Qxb7 Qxb7 38. Nxb7 Rb8 39. Nc5 Rb2 40. Ne4 Rf4 41. f3 Ra2 42. Rd6 Nxa5 43. Rxa6 Ra3 44. Ra8+ Kh7 45. c5 f5 46. Nd6 Rfa4 47. c6 Nxc6 48. Rxa4 Rxa4 1-0

[Event "HUN-chT2 Erkel 0708"]
[Site "Hungary"]
[Date "2007.11.25"]
[Round "3"]
[White "Ujj, Daniel"]
[Black "Fekete, Jozsef"]
[Result "1-0"]
[WhiteElo "2215"]
[BlackElo "2135"]
[PlyCount "47"]
[EventDate "2007.10.14"]
[EventType "team"]
[EventRounds "11"]
[EventCountry "HUN"]
[SourceTitle "EXT 2009"]
[Source "ChessBase"]
[SourceDate "2008.11.26"]
[SourceVersion "1"]
[SourceVersionDate "2008.11.26"]
[SourceQuality "1"]
[WhiteTeam "Paszto"]
[BlackTeam "Godi"]
[WhiteTeamCountry "HUN"]
[BlackTeamCountry "HUN"]

1. e4 d6 2. d4 g6 3. Nc3 Bg7 4. Bg5 c6 5. Qd2 b5 6. f4 Nf6 7. Bd3 0-0 8. Nf3 Bg4 9. e5 Bxf3 10. gxf3 b4 11. Ne2 Nd5 12. Bc4 a5 13. 0-0-0 h6 14. Bh4 Nb6 15. Bd3 dxe5 16. fxe5 Qd5 17. Kb1 e6 18. Rhg1 Ra7 19. Bf6 N8d7 20. Bxg7 Kxg7 21. Nf4 Nc4 22. Qe2 Qxd4 23. Rxg6+ Kh8 24. Rxh6+ 1-0

[Event "HUN-chT2 Erkel 0708"]
[Site "Hungary"]
[Date "2007.11.11"]
[Round "2"]
[White "Fekete, Jozsef"]
[Black "Czegledi, Laszlo"]
[Result "1/2-1/2"]
[WhiteElo "2135"]
[BlackElo "2210"]
[PlyCount "120"]
[EventDate "2007.10.14"]
[EventType "team"]
[EventRounds "11"]
[EventCountry "HUN"]
[SourceTitle "EXT 2009"]
[Source "ChessBase"]
[SourceDate "2008.11.26"]
[SourceVersion "1"]
[SourceVersionDate "2008.11.26"]
[SourceQuality "1"]
[WhiteTeam "Godi"]
[BlackTeam "Jaszbereny"]
[WhiteTeamCountry "HUN"]
[BlackTeamCountry "HUN"]

1. d4 d5 2. Bf4 c6 3. e3 Qb6 4. b3 e6 5. Nf3 Nf6 6. Bd3 c5 7. 0-0 Nc6 8. Nc3 a6 9. Na4 Qa7 10. dxc5 Bxc5 11. Nxc5 Qxc5 12. Ne5 Qc3 13. Nxc6 bxc6 14. Bd6 Bb7 15. f4 Rd8 16. Be5 Qc5 17. Qe2 Qb6 18. Rae1 c5 19. Kh1 h5 20. h3 c4 21. bxc4 dxc4 22. Bxc4 Ne4 23. Rf3 Rd2 24. Qf1 h4 25. f5 f6 26. Bh2 exf5 27. Re2 Ke7 28. Rxf5 Rhd8 29. Bd3 Qe6 30. Rxd2 Nxd2 31. Qe1 Rxd3 32. cxd3 Qxf5 33. Qxd2 Qf1+ 34. Bg1 Kf7 35. e4 Qa1 36. Qf4 Qb1 37. Kh2 Kg6 38. Qg4+ Kf7 39. Qd7+ Kg6 40. Qf5+ Kf7 41. Qd7+ Kg6 42. Bc5 Qb5 43. Qxb5 axb5 44. Kg1 Kf7 45. Kf2 Ke6 46. Ke3 f5 47. Bf8 fxe4 48. dxe4 Kf6 49. Bb4 g5 50. Ba5 Ke7 51. Kd4 Bc6 52. Ke5 Bd7 53. Bd2 g4 54. Bg5+ Kf7 55. hxg4 Bxg4 56. Bxh4 b4 57. Be1 Be6 58. Bxb4 Bxa2 59. g4 Be6 60. g5 Bc8 1/2-1/2

[Event "Budapest FS08 FM-A"]
[Site "Budapest"]
[Date "2007.08.16"]
[Round "13"]
[White "Fekete, Jozsef"]
[Black "Letay, Gyula"]
[Result "0-1"]
[WhiteElo "2135"]
[BlackElo "2113"]
[PlyCount "82"]
[EventDate "2007.08.04"]
[EventType "tourn"]
[EventRounds "13"]
[EventCountry "HUN"]
[SourceTitle "CBM 119 Extra"]
[Source "ChessBase"]
[SourceDate "2007.09.04"]
[SourceVersion "1"]
[SourceVersionDate "2007.09.04"]
[SourceQuality "1"]

1. e4 c5 2. Nc3 Nc6 3. g3 g6 4. Bg2 Bg7 5. d3 d6 6. Nge2 e6 7. 0-0 Nge7 8. Bg5 h6 9. Be3 Nd4 10. Nc1 0-0 11. Qd2 Kh7 12. Nd1 Rb8 13. c3 Ndc6 14. a4 a6 15. Ne2 b6 16. f4 f5 17. exf5 exf5 18. d4 Qc7 19. Re1 Na5 20. Nc1 Bb7 21. b3 Nd5 22. Bf2 Rfe8 23. Rb1 Rxe1+ 24. Qxe1 Nf6 25. Bxb7 Qxb7 26. b4 cxb4 27. Rxb4 Re8 28. Qf1 Ne4 29. Be1 Nc6 30. Rb1 Ne7 31. Ne2 Nd5 32. c4 Ndf6 33. Qf3 Qd7 34. Ndc3 Nxc3 35. Nxc3 Ng4 36. Bf2 Nxf2 37. Qxf2 Qc6 38. c5 bxc5 39. dxc5 dxc5 40. Ne2 Qe6 41. Re1 Bd4 0-1

[Event "Budapest FS08 FM-A"]
[Site "Budapest"]
[Date "2007.08.14"]
[Round "11"]
[White "Fekete, Jozsef"]
[Black "Kovacs, Lajos1111"]
[Result "1-0"]
[WhiteElo "2135"]
[BlackElo "2009"]
[PlyCount "85"]
[EventDate "2007.08.04"]
[EventType "tourn"]
[EventRounds "13"]
[EventCountry "HUN"]
[SourceTitle "CBM 119 Extra"]
[Source "ChessBase"]
[SourceDate "2007.09.04"]
[SourceVersion "1"]
[SourceVersionDate "2007.09.04"]
[SourceQuality "1"]

1. e4 d5 2. exd5 Qxd5 3. Nc3 Qd8 4. d4 g6 5. Nf3 Bg7 6. Bc4 Nf6 7. 0-0 0-0 8. h3 c6 9. Re1 e6 10. Bf4 b5 11. Bb3 Bb7 12. Qd2 Re8 13. Rad1 Nbd7 14. Bh6 Bh8 15. Qf4 Nh5 16. Qe3 Ng7 17. g4 a5 18. a3 Nf6 19. Ne5 Nd5 20. Qg3 f5 21. Ne2 Qf6 22. Nd7 Qf7 23. Nc5 Bc8 24. Nf4 Ra7 25. Re2 Rae7 26. Rde1 Qf6 27. c3 g5 28. Bxg7 Bxg7 29. Nh5 Qf7 30. Nxg7 f4 31. Qf3 Qxg7 32. Kg2 Kf8 33. Re5 h6 34. Kf1 Qf6 35. Ne4 Qg6 36. a4 Ba6 37. axb5 cxb5 38. Nc5 Nc7 39. Nxa6 Nxa6 40. Rxb5 Nc7 41. Rxa5 Nd5 42. Qe4 Ne3+ 43. Rxe3 1-0

[Event "Budapest FS08 FM-A"]
[Site "Budapest"]
[Date "2007.08.08"]
[Round "5"]
[White "Fekete, Jozsef"]
[Black "Zoldy, Robert"]
[Result "1/2-1/2"]
[WhiteElo "2135"]
[BlackElo "2010"]
[PlyCount "78"]
[EventDate "2007.08.04"]
[EventType "tourn"]
[EventRounds "13"]
[EventCountry "HUN"]
[SourceTitle "CBM 119 Extra"]
[Source "ChessBase"]
[SourceDate "2007.09.04"]
[SourceVersion "1"]
[SourceVersionDate "2007.09.04"]
[SourceQuality "1"]

1. e4 c5 2. Nc3 d6 3. g3 g6 4. Bg2 Bg7 5. d3 Nc6 6. Be3 e6 7. Qd2 Nd4 8. Nd1 Ne7 9. c3 Ndc6 10. Ne2 0-0 11. 0-0 Ne5 12. h3 f5 13. f4 Nd7 14. Nf2 e5 15. Rad1 Rb8 16. d4 b6 17. fxe5 cxd4 18. Nxd4 Nxe5 19. Bg5 Qe8 20. Bxe7 Qxe7 21. exf5 Bxf5 22. Nxf5 Rxf5 23. Qxd6 Qxd6 24. Rxd6 Nc4 25. Bd5+ Rxd5 26. Rxd5 Ne3 27. Rd7 Nxf1 28. Kxf1 a6 29. Kg2 b5 30. Nd3 a5 31. a3 Bf8 32. Kf3 b4 33. axb4 axb4 34. c4 b3 35. Ke4 Re8+ 36. Kd5 Re3 37. Nf4 Rxg3 38. c5 Rg5+ 39. Kc4 Rxc5+ 1/2-1/2

[Event "Budapest FS08 FM-A"]
[Site "Budapest"]
[Date "2007.08.04"]
[Round "1"]
[White "Csirik, Andras"]
[Black "Fekete, Jozsef"]
[Result "1-0"]
[WhiteElo "2154"]
[BlackElo "2135"]
[PlyCount "105"]
[EventDate "2007.08.04"]
[EventType "tourn"]
[EventRounds "13"]
[EventCountry "HUN"]
[SourceTitle "CBM 119 Extra"]
[Source "ChessBase"]
[SourceDate "2007.09.04"]
[SourceVersion "1"]
[SourceVersionDate "2007.09.04"]
[SourceQuality "1"]

1. e4 d6 2. d4 g6 3. Nc3 Bg7 4. Be3 c6 5. Qd2 b5 6. f3 Nd7 7. Nge2 e6 8. g4 a6 9. h4 h5 10. Bg5 Bf6 11. gxh5 Rxh5 12. Ng3 Bxg5 13. hxg5 Rxh1 14. Nxh1 Bb7 15. 0-0-0 Qc7 16. Nf2 0-0-0 17. Qf4 Rf8 18. Bd3 c5 19. dxc5 dxc5 20. Qxc7+ Kxc7 21. Be2 Ne7 22. Rh1 f6 23. gxf6 Nxf6 24. Nd3 Kb6 25. Kd2 Nh5 26. Rg1 Bc6 27. Ke3 Be8 28. Rg5 c4 29. Nc5 Nf4 30. Bf1 Nc6 31. a3 e5 32. b4 Nd4 33. Rxe5 Nxc2+ 34. Kd2 Nd4 35. Nd5+ Nxd5 36. Rxd5 Nxf3+ 37. Ke3 Bc6 38. Rd6 Ne5 39. Be2 Re8 40. Kd4 g5 41. Re6 Nf7 42. Nd7+ Kc7 43. Rxe8 Bxd7 44. Re7 Nd8 45. Ke3 Ne6 46. Bg4 Kd6 47. Rh7 Bc8 48. Rh5 Nf4 49. Rxg5 Bxg4 50. Kxf4 Be6 51. Rc5 Bd7 52. Ke3 a5 53. e5+ 1-0